000 00793nam a2200181Ia 4500
008 090630s9999 xx 000 0 und d
082 _b14945
100 _aप्रा. फाटक ध. रा.
245 _aतालाधार अभियांत्रकिी.
_cप्रा. फाटक ध. रा.
260 _bमहाराष्ट्र विद्यापीठ ग्रंथनिर्मिती मंडळ - नागपूर.
_c1978
300 _a272
600 _aप्रा. फाटक ध. रा.
630 _aतालाधार अभियांत्रकिी.
655 _aइतर.
700 _aप्रा. फाटक ध. रा.
730 _aतालाधार अभियांत्रकिी.
942 _cBOOK
999 _c266801
_d266801